San Benito y los benedictinos / (Record no. 12117)

MARC details
000 -LEADER
campo de control de longitud fija 00918nam a2200229 i 4500
001 - NÚMERO DE CONTROL
campo de control 12117
003 - IDENTIFICADOR DE NÚMERO DE CONTROL
campo de control ES-MaACL
005 - FECHA Y HORA DE LA ÚLTIMA TRANSACCIÓN
campo de control 20230906150238.0
007 - CAMPO FIJO DE DESCRIPCIÓN FÍSICA--INFORMACIÓN GENERAL
campo de control de longitud fija t|
008 - DATOS DE LONGITUD FIJA--INFORMACIÓN GENERAL
campo de control de longitud fija 970411m19911993po ab |||| |bspa d
080 ## - NÚMERO DE LA CLASIFICACIÓN DECIMAL UNIVERSAL
Número de la Clasificación Decimal Universal 929 Benito, Santo
080 ## - NÚMERO DE LA CLASIFICACIÓN DECIMAL UNIVERSAL
Número de la Clasificación Decimal Universal 271.11(091)
100 1# - ENTRADA PRINCIPAL--NOMBRE DE PERSONA
Nombre de persona Linage Conde, Antonio.
9 (RLIN) 72322
245 10 - MENCIÓN DEL TÍTULO
Título San Benito y los benedictinos /
Mención de responsabilidad, etc. Antonio Linage Conde ; prólogo de José Orlandis.
260 ## - PUBLICACIÓN, DISTRIBUCIÓN, ETC.
Lugar de publicación, distribución, etc. Braga :
Nombre del editor, distribuidor, etc. Irmandade de S. Bento da Porta Aberta,
Fecha de publicación, distribución, etc. 1991-1993.
300 ## - DESCRIPCIÓN FÍSICA
Extensión 8 v. :
Otras características físicas il., mapas col. y n. ;
Dimensiones 24 cm.
505 8# - NOTA DE CONTENIDO CON FORMATO
Nota de contenido con formato Contiene: 1. La Edad Media, 1 - 2. La Edad Media, 2 - 3. La Edad Moderna, 1 - 4. La Edad Moderna, 2 - 5. La Edad Contemporánea, 1 - 6. La Edad Contemporánea, 2 - 7 [1]. Índices - 7 [2]. Cartografía
600 04 - PUNTO DE ACCESO ADICIONAL DE MATERIA--NOMBRE DE PERSONA
Nombre de persona Benito
Títulos y otros términos asociados al nombre Santo.
9 (RLIN) 27667
610 24 - PUNTO DE ACCESO ADICIONAL DE MATERIA--NOMBRE DE ENTIDAD CORPORATIVA
Nombre de entidad corporativa o nombre de jurisdicción como elemento de entrada Benedictinos-
Subdivisión de forma Historia.
9 (RLIN) 162036
700 1# - ENTRADA AGREGADA--NOMBRE PERSONAL
Nombre de persona Orlandis, José.
9 (RLIN) 87279
852 ## - LOCALIZACIÓN
Ubicación ES-MaACL
Número de control de estantería L-19428-35
Holdings
Estatus retirado Estado de pérdida Estado de daño No para préstamo Biblioteca de origen Biblioteca actual Ubicación en estantería Fecha de adquisición Fuente de adquisición Total de préstamos Signatura topográfica completa Código de barras Visto por última vez Precio de reemplazo Tipo de ítem Koha
        Biblioteca del Ateneo de Madrid Biblioteca del Ateneo de Madrid Depósito 2 17/01/2008     L-19428-35 1012346 23/02/2023 23/02/2023 Libro impreso